[Event "Keep Right On Till The End of the Road"]
[Site "SchemingMind.com"]
[Date "2012.11.14"]
[Round "-"]
[White "Clive Everill"]
[Black "Phillip Beckett"]
[Result "1-0"]
[WhiteCountry "CZE"]
[BlackCountry "ENG"]
[WhiteElo "1763"]
[WhiteRD "49"]
[BlackElo "1626"]
[BlackRD "49"]
[GameID "321346"]

1. e4 e5 2. Nc3 Nf6 3. f4 exf4 4. e5 Ng8 5. Nf3 d6 6. d4 dxe5 7. Nxe5 Nd7 8. Bxf4 Nxe5 9. Bxe5 Nf6 10. Bc4 Bd6
11. Bxd6 Qxd6 12. O-O O-O 13. Nb5 Qb6 14. b3 a6 15. Nc3 Bg4 16. Qd2 Rad8 17. Rf4 Be6 18. Bxe6 Qxe6 19. Re1 Qd6 20. Rh4 Nd5
21. Qd3 g6 22. Qd2 Nxc3 23. Qh6 Qxd4+ 24. Rxd4 Rxd4 25. a4 Rfd8 26. h3 Rd1 27. Rxd1 Rxd1+ 28. Kh2 Nd5 29. Qg5 Kg7 30. Qd8 c6
31. c4 Nc3 32. Qb6 Rd7 33. Qe3 Nd1 34. Qe5+ Kf8 35. Qh8+ Ke7 36. Qxh7 Kf6 37. Qh8+ Ke7 38. Qh4+ Kf8 39. Qg4 Rd8 40. h4 Rd3
41. Qc8+ Kg7 42. Qxb7 Ne3 43. Qxc6 Rxb3 44. Qxa6 Rb4 45. c5
1-0

[Event "Keep Right On Till The End of the Road"]
[Site "SchemingMind.com"]
[Date "2012.11.14"]
[Round "-"]
[White "Phillip Beckett"]
[Black "Clive Everill"]
[Result "0-1"]
[WhiteCountry "ENG"]
[BlackCountry "CZE"]
[WhiteElo "1626"]
[WhiteRD "49"]
[BlackElo "1763"]
[BlackRD "49"]
[GameID "321349"]

1. e4 e6 2. d4 d5 3. Nd2 Be7 4. exd5 exd5 5. Ngf3 Nf6 6. Bd3 O-O 7. O-O Bg4 8. h3 Bd7 9. Ne5 Be6 10. f4 c5
11. c3 c4 12. Bc2 b5 13. Ndf3 h6 14. f5 Bc8 15. a4 b4 16. Bb1 b3 17. g4 Bd6 18. g5 hxg5 19. Bxg5 Be7 20. Qe1 Nh7
21. Bxe7 Qxe7 22. Qg3 Nf6 23. Ng5 Nh7 24. Ngxf7 Rxf7 25. Nxf7 Qxf7 26. Qd6 Nd7 27. Qe6 Ndf6 28. Qe2 Bd7 29. Qe5 Re8 30. Qg3 Ne4
31. Bxe4 Rxe4 32. Rae1 Rxe1 33. Rxe1 Qxf5 34. Re5 Qb1+ 35. Kf2 Qxb2+ 36. Re2 Qc1 37. Qb8+ Nf8 38. Qe5 Be6 39. Qe3 b2 40. Rxb2 Qxb2+
0-1

[Event "Keep Right On Till The End of the Road"]
[Site "SchemingMind.com"]
[Date "2012.11.16"]
[Round "-"]
[White "kenneth m day"]
[Black "sibelius"]
[Result "0-1"]
[WhiteCountry "USA"]
[BlackCountry "USA"]
[WhiteElo "1794"]
[WhiteRD "51"]
[BlackElo "2301"]
[BlackRD "83"]
[GameID "321534"]

1. e4 c5 2. Nf3 g6 3. d4 cxd4 4. Nxd4 Bg7 5. Nc3 Nc6 6. Be3 Nf6 7. f3 O-O 8. Qd2 d5 9. O-O-O dxe4 10. fxe4 Ng4
11. Be2 Nxd4 12. Bxd4 Bh6 13. Bxg4 Bxd2+ 14. Rxd2 Bxg4 15. Be3 Qc7 16. h3 Bd7 17. Nd5 Qe5 18. Nc3 Bc6 19. Bd4 Qf4 20. Re1 Rfd8
21. Be3 Qe5
0-1

[Event "Keep Right On Till The End of the Road"]
[Site "SchemingMind.com"]
[Date "2012.11.17"]
[Round "-"]
[White "sibelius"]
[Black "kenneth m day"]
[Result "1-0"]
[WhiteCountry "USA"]
[BlackCountry "USA"]
[WhiteElo "2301"]
[WhiteRD "83"]
[BlackElo "1794"]
[BlackRD "51"]
[GameID "321539"]

1. e4 e6 2. d4 d5 3. Nc3 Nf6 4. Bg5 Be7 5. e5 Nfd7 6. Bxe7 Qxe7 7. f4 a6 8. Nf3 c5 9. dxc5 Nxc5 10. a3 b5
11. b4 Ncd7 12. Bd3 Nc6 13. O-O O-O 14. Bxh7+ Kxh7 15. Ng5+ Kg6 16. Qd3+ f5 17. exf6+ Kxf6 18. Rae1 Nb6 19. Nh7+ Kf7 20. f5 Kg8
21. Nxf8 Kxf8 22. fxe6+
1-0

[Event "Keep Right On Till The End of the Road"]
[Site "SchemingMind.com"]
[Date "2012.11.24"]
[Round "-"]
[White "Brian Acebo"]
[Black "John Hamer"]
[Result "0-1"]
[WhiteCountry "USA"]
[BlackCountry "ENG"]
[WhiteElo "1621"]
[WhiteRD "100"]
[BlackElo "2022"]
[BlackRD "65"]
[GameID "321819"]

1. e4 c6 2. d4 d5 3. Nc3 dxe4 4. Nxe4 Bf5 5. Ng3 Bg6 6. h4 h6 7. h5 Bh7 8. Nf3 Nd7 9. Be3 e6 10. Qd2 Ngf6
11. O-O-O Be7 12. Bd3 Bxd3 13. Qxd3 O-O 14. Ne2 Qa5 15. Qb3 Rfd8 16. Bd2 Qc7 17. Rdg1 Ne4 18. Be3 c5 19. dxc5 Ndxc5 20. Qb5 a6
21. Qc4 b5
0-1

[Event "Keep Right On Till The End of the Road"]
[Site "SchemingMind.com"]
[Date "2012.11.27"]
[Round "-"]
[White "John Galvin"]
[Black "Iucounu"]
[Result "1-0"]
[WhiteCountry "USA"]
[BlackCountry "ENG"]
[WhiteElo "2342"]
[WhiteRD "72"]
[BlackElo "1385"]
[BlackRD "52"]
[GameID "321820"]

1. e4 e5 2. Nc3 Nf6 3. Nf3 Nc6 4. Bb5 a6 5. Bxc6 dxc6 6. Nxe5 Bd6 7. Nf3 O-O 8. O-O Bg4 9. d4 Bb4 10. Qd3 Bxc3
11. bxc3 Re8 12. Ne5 Be6 13. Bg5 h6 14. Bh4 g5 15. Bg3 Nh5 16. Qe2 Nxg3 17. fxg3 Rf8 18. Qh5 Qe7 19. Qxh6 f6 20. Ng6 Qg7
21. Qxg7+ Kxg7 22. Nxf8 Rxf8 23. h4 g4 24. Rf4 Kg6 25. Raf1 f5 26. exf5+ Bxf5 27. h5+ Kg5 28. h6
1-0

[Event "Keep Right On Till The End of the Road"]
[Site "SchemingMind.com"]
[Date "2012.11.24"]
[Round "-"]
[White "John Hamer"]
[Black "Brian Acebo"]
[Result "1-0"]
[WhiteCountry "ENG"]
[BlackCountry "USA"]
[WhiteElo "2022"]
[WhiteRD "65"]
[BlackElo "1621"]
[BlackRD "100"]
[GameID "321823"]

1. d4 d5 2. c4 Nf6 3. Nf3 Bg4 4. Nc3 c6 5. e3 h6 6. cxd5 cxd5 7. Qb3 b6 8. Bb5+ Nbd7 9. Nxd5 Bxf3 10. gxf3 Nxd5
11. Qxd5 Rc8 12. O-O Rc7 13. f4 e6 14. Qg2 Qf6 15. Bd2 Be7 16. Qa8+ Bd8 17. Kh1 O-O 18. Qe4 Nb8 19. Bd3 g6 20. Rac1 Rd7
21. Bc3 Qf5 22. Qxf5 exf5 23. Bb5 Rc7 24. Bb4 Rxc1 25. Rxc1
1-0

[Event "Keep Right On Till The End of the Road"]
[Site "SchemingMind.com"]
[Date "2012.11.27"]
[Round "-"]
[White "Iucounu"]
[Black "John Galvin"]
[Result "0-1"]
[WhiteCountry "ENG"]
[BlackCountry "USA"]
[WhiteElo "1400"]
[WhiteRD "52"]
[BlackElo "2350"]
[BlackRD "76"]
[GameID "321824"]

1. e4 e5 2. Nf3 Nc6 3. Bb5 a6 4. Ba4 b5 5. Bb3 Nf6 6. O-O Bb7 7. Re1 Bc5 8. c3 O-O 9. d4 Bb6 10. dxe5 Ng4
11. h3 Bxf2+ 12. Kf1 Bxe1 13. Qxe1 Ngxe5 14. Bf4 Nd3 15. Qd2 Nc5 16. Bc2 Ne7 17. Qe2 Re8 18. Nbd2 Ng6 19. Bg3 Bxe4 20. Bxe4 d5
21. Qd3 Nxd3 22. Bxd3 Qf6 23. Bxc7 Rac8 24. Bg3 b4
0-1

[Event "Keep Right On Till The End of the Road"]
[Site "SchemingMind.com"]
[Date "2012.12.01"]
[Round "-"]
[White "SAMAEL"]
[Black "Majoanis"]
[Result "0-1"]
[WhiteCountry "CAN"]
[BlackCountry "CAN"]
[WhiteElo "1713"]
[WhiteRD "45"]
[BlackElo "1912"]
[BlackRD "60"]
[GameID "322036"]

1. e4 c6 2. Nf3 d5 3. exd5 cxd5 4. Be2 Nc6 5. O-O Nf6 6. a3 Bf5 7. d3 e6 8. h3 Be7 9. Nbd2 O-O 10. Nb3 h6
11. Nbd4 Nxd4 12. Nxd4 Bh7 13. Re1 Rc8 14. Bd2 Qb6 15. Nb3 a6 16. Rc1 Qc7 17. c4 dxc4 18. Rxc4 Qd7 19. Rd4 Nd5 20. Rg4 Nf6
21. Rc4 Rxc4 22. dxc4 Rd8 23. Ba5 Qxd1 24. Rxd1 Rxd1+ 25. Bxd1 Bd3 26. Nd2 Ne4 27. Nxe4 Bxe4 28. Kf1 Kf8 29. f3 Bc6 30. a4 Ke8
31. b4 b6 32. Bxb6 Bxb4 33. a5 Kd7 34. Ke2 Kd6 35. Bc2 Bc5 36. Be4 Bxe4 37. fxe4 Kc6 38. Bxc5 Kxc5 39. Kd3 f5 40. exf5 exf5
0-1

[Event "Keep Right On Till The End of the Road"]
[Site "SchemingMind.com"]
[Date "2012.12.01"]
[Round "-"]
[White "Majoanis"]
[Black "SAMAEL"]
[Result "1-0"]
[WhiteCountry "CAN"]
[BlackCountry "CAN"]
[WhiteElo "1912"]
[WhiteRD "60"]
[BlackElo "1713"]
[BlackRD "45"]
[GameID "322040"]

1. d4 d5 2. Bg5 h6 3. Bh4 Nf6 4. Bxf6 exf6 5. e3 Be7 6. c4 O-O 7. cxd5 Qxd5 8. Nc3 Bb4 9. Ne2 Bf5 10. a3 Bxc3+
11. Nxc3 Qd8 12. Bd3 Bxd3 13. Qxd3 a6 14. O-O c5 15. Rfd1= cxd4 16. Qxd4 Nc6 17. Qxd8 Rfxd8 18. Kf1 Kf8 19. Ke2 Ke8 20. Rxd8+ Rxd8
21. Rd1= Rxd1 22. Kxd1= Kd7 23. Kc2 Ke6 24. Na4 Kd6 25. Nc3 Ke5 26. Kd3 Ne7 27. Kc4 b6 28. Kd3 g5 29. g4 f5 30. h3 fxg4
31. hxg4 f5 32. f3 fxg4 33. fxg4 h5 34. gxh5 g4 35. Ne2 Nf5 36. b3 g3 37. e4 Nh6 38. Nxg3
1-0

[Event "Keep Right On Till The End of the Road"]
[Site "SchemingMind.com"]
[Date "2012.12.02"]
[Round "-"]
[White "Adrian Grajczak"]
[Black "kubinet"]
[Result "1-0"]
[WhiteCountry "POL"]
[BlackCountry "GER"]
[WhiteElo "2088"]
[WhiteRD "69"]
[BlackElo "1503"]
[BlackRD "62"]
[GameID "322080"]

1. e4 c5 2. Nf3 d6 3. d4 cxd4 4. Nxd4 Nf6 5. Nc3 a6 6. Bc4 e6 7. Bb3 Be7 8. O-O O-O 9. f4 Qc7 10. Be3 b5
11. f5 exf5 12. Nxf5 h6 13. Nxe7+ Qxe7 14. Rxf6 Qxf6 15. Bd5 b4 16. Ne2 Bg4 17. Bxa8 Qxb2 18. Bd4 Qa3 19. Qd2 Nd7 20. Bd5 Nc5
21. Ng3 Be6 22. Bb3 Rb8 23. e5 Nxb3 24. axb3
1-0

[Event "Keep Right On Till The End of the Road"]
[Site "SchemingMind.com"]
[Date "2012.12.02"]
[Round "-"]
[White "kubinet"]
[Black "Adrian Grajczak"]
[Result "1-0"]
[WhiteCountry "GER"]
[BlackCountry "POL"]
[WhiteElo "1503"]
[WhiteRD "62"]
[BlackElo "2088"]
[BlackRD "69"]
[GameID "322083"]

1. e4 c5 2. Nf3 d6 3. Bb5+ Bd7 4. Bxd7+ Qxd7 5. c4 Nc6 6. Nc3 e5 7. d3 Nf6 8. O-O Be7 9. a3 O-O 10. h3 Ne8
11. Nd5 f5 12. b4 b6 13. b5 Nd8 14. a4 Nb7 15. Bd2 fxe4 16. dxe4 Nf6 17. a5 Nxd5 18. exd5 e4 19. Ne1
1-0

[Event "Keep Right On Till The End of the Road"]
[Site "SchemingMind.com"]
[Date "2012.12.05"]
[Round "-"]
[White "APB"]
[Black "XMJA83"]
[Result "0-1"]
[WhiteCountry "ENG"]
[BlackCountry "ECU"]
[WhiteElo "1665"]
[WhiteRD "66"]
[BlackElo "1767"]
[BlackRD "127"]
[GameID "322579"]

1. e4 e5 2. Nf3 Nc6 3. Bc4 Nf6 4. Ng5 d5 5. exd5 Nxd5 6. Nxf7 Kxf7 7. Qf3+ Ke6 8. Nc3 Nb4 9. Qe4 c6 10. d4 Kf7
11. a3 exd4 12. Ne2 d3 13. axb4 dxe2 14. Qf3+ Qf6 15. Qxe2 Bxb4+ 16. c3 Re8 17. Be3 Bxc3+ 18. bxc3 Qxc3+
0-1

[Event "Keep Right On Till The End of the Road"]
[Site "SchemingMind.com"]
[Date "2012.12.10"]
[Round "-"]
[White "Hisjazzrabbit"]
[Black "NimbleKnight"]
[Result "1/2-1/2"]
[WhiteCountry "FRA"]
[BlackCountry "USA"]
[WhiteElo "1764"]
[WhiteRD "102"]
[BlackElo "1892"]
[BlackRD "70"]
[GameID "322580"]

1. e4 c5 2. b3 d6 3. Nf3 Nf6 4. Nc3 Nc6 5. Bb2 g6 6. Nd5 Bg7 7. Nxf6+ exf6 8. Bb5 O-O 9. O-O Re8 10. d4 Bd7
11. d5 Ne5 12. Bxd7 Qxd7 13. Re1 f5 14. Nxe5 Bxe5 15. Bxe5 Rxe5 16. exf5 Qxf5 17. c4 Rae8 18. Rxe5 Qxe5 19. Rb1 Qe2 20. a3 Qxd1+
21. Rxd1 Re2 22. g3 Kf8 23. Kg2 Ke8 24. g4 a6 25. Rd3 Ra2 26. a4 Rb2 27. Re3+ Kd7 28. g5 Kd8 29. Kf1 Kd7 30. Kg2 Kd8
31. h4 Kd7 32. Kg3 Kd8 33. h5 Rb1 34. hxg6 hxg6 35. Rf3 Ke7 36. Re3+ Kd7 37. Rf3 Ke7 38. Re3+ Kd7 39. Kg2 Kd8 40. Rf3 Ke7
41. Rd3 Rb2 42. Kg3 Kd7 43. Rf3 Ke7 44. Rd3 Rb1 45. Rc3 Rb2 46. f4 Rb1 47. Re3+ Kd7 48. f5 gxf5 49. Kf4 Rf1+ 50. Rf3 Re1
51. Kxf5 Ke7 52. Kf4 Kd7 53. Rh3 Rf1+ 54. Ke4 Re1+ 55. Kf4 Rf1+ 56. Rf3 Re1 57. Kf5 Ke7 58. Rd3 Rf1+ 59. Ke4 Kd7 60. Rf3 Re1+
61. Kd3 Rd1+ 62. Ke2 Rg1 63. Rxf7+ Kc8 64. Rf5 Kd7 65. Kf2 Rg4 66. Rf7+ Kc8 67. Rf6 Rxg5 68. Rxd6 Rh5 69. Kg3 Kc7 70. Rg6 Rh7
71. Kf4 Rh1 72. Rg7+ Kc8 73. d6 b6 74. Rc7+ Kb8 75. Re7 Rd1 76. d7 Kc7 77. Kf5 Rf1+ 78. Ke6 Re1+ 79. Kf7 Rh1 80. Ke8 Rh8+
81. Kf7 Rh1 82. Ke8 Rh8+ 83. Kf7 Rh1
1/2-1/2

[Event "Keep Right On Till The End of the Road"]
[Site "SchemingMind.com"]
[Date "2012.12.05"]
[Round "-"]
[White "XMJA83"]
[Black "APB"]
[Result "0-1"]
[WhiteCountry "ECU"]
[BlackCountry "ENG"]
[WhiteElo "1767"]
[WhiteRD "127"]
[BlackElo "1665"]
[BlackRD "66"]
[GameID "322583"]

1. e4 c5 2. Nf3 e6 3. d4 cxd4 4. Nxd4 Nc6 5. Nc3 d6 6. Be3 e5 7. Nb3 Nf6 8. Bg5 Be7 9. Bc4 O-O 10. O-O Ng4
11. Bxe7 Qxe7 12. Nd5 Qh4 13. h3 Nh6 14. Nc7 Bxh3 15. gxh3 Qxh3 16. Nxa8 Ng4
0-1

[Event "Keep Right On Till The End of the Road"]
[Site "SchemingMind.com"]
[Date "2012.12.10"]
[Round "-"]
[White "NimbleKnight"]
[Black "Hisjazzrabbit"]
[Result "0-1"]
[WhiteCountry "USA"]
[BlackCountry "FRA"]
[WhiteElo "1864"]
[WhiteRD "71"]
[BlackElo "1637"]
[BlackRD "101"]
[GameID "322584"]

1. e4 e6 2. d4 d5 3. Nc3 Bb4 4. e5 c5 5. a3 Bxc3+ 6. bxc3 Ne7 7. Qg4 Nf5 8. Bd3 h5 9. Qf4 c4 10. Bxf5 exf5
11. Qg3 g6 12. Bg5 Qa5 13. Ne2 Nc6 14. O-O Bd7 15. Bh4 Rh6 16. Qg5 Rh7 17. Rfb1 Qc7 18. Rb5 Be6 19. Nf4 Qd7 20. Nxe6 fxe6
21. Qxg6+ Qf7 22. Qxf7+ Rxf7 23. h3 f4 24. g4 fxg3 25. fxg3 b6 26. Rbb1 Rf3 27. Rf1 Rxc3 28. Rf4 Ne7 29. Ra2 Nf5 30. Kf2 Ne3
31. Rf6 Kd7 32. Rf7+ Kc6 33. Re7 Rf8+ 34. Ke2 Nxc2 35. Rxe6+ Kb5 36. Rd6 Nxd4+ 37. Kd2 Rd3+ 38. Ke1 Re3+ 39. Kd2 Re2+ 40. Kc3 Rf3+
41. Kxd4 Rd3#
0-1

[Event "Keep Right On Till The End of the Road"]
[Site "SchemingMind.com"]
[Date "2012.12.06"]
[Round "-"]
[White "chessman"]
[Black "Holty"]
[Result "1-0"]
[WhiteCountry "MEX"]
[BlackCountry "ENG"]
[WhiteElo "1872"]
[WhiteRD "139"]
[BlackElo "1682"]
[BlackRD "55"]
[GameID "322635"]

1. e4 e5 2. Nf3 Nf6 3. Nc3 Bb4 4. d3 Nc6 5. Bd2 d6 6. a3 Ba5 7. b4 Bb6 8. Na4 Bg4 9. Nxb6 axb6 10. Be2 O-O
11. O-O b5 12. Bg5 h6 13. Bh4 Nb8 14. c4 bxc4 15. Bxf6 Qxf6 16. dxc4 Nc6 17. h3 Be6 18. Qc2 b6 19. Rfc1 Na7 20. Nd2 c6
21. Nf1 Qg6 22. Ng3 Nc8 23. Qc3 Ne7 24. Rd1 Rfd8 25. Rd2 f5 26. exf5 Bxf5 27. Nxf5 Nxf5 28. Bd3 Re8 29. Qc2 e4 30. Bxe4 Rxe4
31. Qxe4 Qf6 32. Rad1 Rf8 33. Qxc6 Nh4 34. Qxd6 Qg5 35. Qd5+ Qxd5 36. cxd5 Nf5 37. d6 Rd8 38. Rd5 g6 39. a4 Kf7 40. a5 bxa5
41. bxa5 Ke6 42. Kf1 Rf8 43. Ke2 Rd8 44. f4 Nxd6 45. Kf3 h5 46. g4 hxg4+ 47. hxg4 Rd7 48. Rxd6+ Rxd6 49. f5+
1-0

[Event "Keep Right On Till The End of the Road"]
[Site "SchemingMind.com"]
[Date "2012.12.06"]
[Round "-"]
[White "Holty"]
[Black "chessman"]
[Result "0-1"]
[WhiteCountry "ENG"]
[BlackCountry "MEX"]
[WhiteElo "1682"]
[WhiteRD "55"]
[BlackElo "1872"]
[BlackRD "139"]
[GameID "322636"]

1. d4 Nf6 2. Nf3 e6 3. Bg5 Be7 4. Nbd2 b6 5. e3 Bb7 6. Bd3 h6 7. Bxf6 Bxf6 8. O-O O-O 9. Re1 d5 10. b3 c5
11. c3 Nd7 12. Qc2 Rc8 13. Qb1 e5 14. dxe5 Nxe5 15. Nxe5 Bxe5 16. Qc2 Qf6 17. Nb1 Rfe8 18. f4 Bxf4 19. Qd2 Be5 20. Rf1 Qe7
21. Re1 Bb8 22. Bb5 Red8 23. Qc2 a6 24. Bd3 b5 25. Nd2 Rd6 26. Nf3 Rcd8 27. e4 dxe4 28. Bxe4 Bxe4 29. Rxe4 Qf6 30. Rae1 g6
31. Re8+ Kg7 32. Rxd8 Rxd8 33. Rf1 Qd6 34. c4 g5 35. Re1 g4 36. Ne5 Qd4+ 37. Qf2 Bxe5 38. Qxd4 Bxd4+ 39. Kf1 bxc4 40. bxc4 Rb8
41. Re7 Rb2 42. Ra7 Rxa2
0-1

[Event "Keep Right On Till The End of the Road"]
[Site "SchemingMind.com"]
[Date "2012.12.07"]
[Round "-"]
[White "simpet"]
[Black "smothered mate"]
[Result "0-1"]
[WhiteCountry "ENG"]
[BlackCountry "POL"]
[WhiteElo "1590"]
[WhiteRD "59"]
[BlackElo "2016"]
[BlackRD "53"]
[GameID "322677"]

1. e4 c5 2. Nc3 a6 3. a4 e6 4. Bc4 Nc6 5. Nge2 Nf6 6. d3 d5 7. exd5 exd5 8. Bb3 h6 9. O-O Be7 10. Nf4 Be6
11. Nxe6 fxe6 12. Ne2= O-O 13. c3 Qc7 14. Ng3 Rad8 15. Bc2 e5 16. Nf5 Qd7 17. f4 Qxf5 18. fxe5 Qxe5 19. Bf4 Qh5 20. Qe1 Bd6
21. Qe6+ Qf7 22. Rae1 Qxe6 23. Rxe6 Bxf4 24. Rxf4 Rfe8 25. Rexf6 gxf6 26. Rxf6 Re2 27. Rf2 Rde8 28. Bb3 c4 29. dxc4 Na5 30. Ba2 dxc4
31. b4 cxb3 32. Bb1 Re1+ 33. Rf1 Nc4 34. Bg6 Nd2 35. Rxe1 Rxe1+ 36. Kf2 Re4 37. Bxe4 Nxe4+ 38. Kf3 b2 39. Kxe4 b1=Q+ 40. Kd4 Kf7
41. g4 Ke6 42. h4 Qb6+ 43. Kd3 Kd5 44. g5 hxg5 45. hxg5 Qg6+ 46. Kd2 Qxg5+ 47. Kd3 Qf4 48. c4+ Qxc4+ 49. Kd2 Kd4 50. a5 Qa2+
51. Kc1 Kd3
0-1

[Event "Keep Right On Till The End of the Road"]
[Site "SchemingMind.com"]
[Date "2012.12.07"]
[Round "-"]
[White "smothered mate"]
[Black "simpet"]
[Result "1-0"]
[WhiteCountry "POL"]
[BlackCountry "ENG"]
[WhiteElo "2016"]
[WhiteRD "53"]
[BlackElo "1590"]
[BlackRD "59"]
[GameID "322683"]

1. e4 e5 2. Nf3 Nc6 3. d4 exd4 4. Nxd4 Nge7 5. Nc3 Nxd4 6. Qxd4 Nc6 7. Qd2 Bc5 8. Bc4 O-O 9. O-O Ne5 10. Bb3 Qh4
11. Qg5 Qxg5 12. Bxg5 d6 13. Nd5 c6 14. Ne7+ Kh8 15. Nxc8 Raxc8 16. Rad1 f6 17. Bf4 Rcd8 18. h3 h6 19. Rfe1 b5 20. a4 a6
21. axb5 axb5 22. Ra1 Ra8 23. Bd2 Ra7 24. Rxa7 Bxa7 25. Ra1 Bd4 26. c3 Bc5 27. Ra6 Rc8 28. Be6 Rc7 29. Bf5 Nd3 30. Ra8+
1-0

[Event "Keep Right On Till The End of the Road"]
[Site "SchemingMind.com"]
[Date "2012.12.12"]
[Round "-"]
[White "James Reed"]
[Black "Archon"]
[Result "1-0"]
[WhiteCountry "ENG"]
[BlackCountry "CAN"]
[WhiteElo "1442"]
[WhiteRD "59"]
[BlackElo "1588"]
[BlackRD "59"]
[GameID "322763"]

1. e4 c6 2. d4 d5 3. Nc3 dxe4 4. Nxe4 Nd7 5. Bd3 Ngf6 6. Ng5 e6 7. N1f3 Bd6 8. h3 h6 9. Ne4 Nxe4 10. Bxe4 Nf6
11. Qe2 O-O 12. O-O Nxe4 13. Qxe4 Qa5 14. Bd2 Rd8 15. Bxa5
1-0

[Event "Keep Right On Till The End of the Road"]
[Site "SchemingMind.com"]
[Date "2012.12.09"]
[Round "-"]
[White "erobeno"]
[Black "surfnsuds"]
[Result "1-0"]
[WhiteCountry "TUR"]
[BlackCountry "USA"]
[WhiteElo "1654"]
[WhiteRD "127"]
[BlackElo "1431"]
[BlackRD "113"]
[GameID "322764"]

1. e4 e5 2. Nf3 Nc6 3. Bb5 Nf6 4. d3 d5 5. Nxe5 Qd6 6. Bf4 Qb4+ 7. Nc3 Bd6 8. O-O Qxb2 9. Bxc6+ bxc6 10. Ne2 Bxe5
11. Rb1 Qxa2 12. Bxe5 d4 13. Bxc7 c5 14. Bd6 Qa5 15. Nf4 Ba6 16. e5 Nd7 17. Qg4 g6 18. e6 fxe6 19. Nxe6 Rc8 20. Ng7+ Kd8
21. Qg5+
1-0

[Event "Keep Right On Till The End of the Road"]
[Site "SchemingMind.com"]
[Date "2012.12.12"]
[Round "-"]
[White "Archon"]
[Black "James Reed"]
[Result "1-0"]
[WhiteCountry "CAN"]
[BlackCountry "ENG"]
[WhiteElo "1654"]
[WhiteRD "55"]
[BlackElo "1448"]
[BlackRD "63"]
[GameID "322767"]

1. d4 Nf6 2. Nf3 d5 3. Bf4 Nc6 4. e3 e6 5. c4 h6 6. h3 Bb4+ 7. Nc3 O-O 8. Bd3 Re8 9. O-O Bxc3 10. bxc3 b6
11. a4 Qd7 12. Qc2 Ba6 13. cxd5 Bxd3 14. Qxd3 Nxd5 15. Bh2 a5 16. c4 Ndb4 17. Qe2 Ne7 18. Ne5 Qc8 19. Qg4 f6 20. Ng6 Nxg6
21. Qxg6 Nc6 22. Bf4 Ne7 23. Qg3 c5 24. Rab1 Qb7 25. Bc7 Rac8 26. Bf4 Nf5 27. Qh2 cxd4 28. exd4 Nxd4 29. Be3 Nf5 30. Bxb6 Qc6
31. c5 Qxa4 32. Ra1 Qd7 33. Rxa5 Ne7 34. Qd6 Qxd6 35. cxd6 Rc6 36. d7 Rb8 37. d8=Q+ Rxd8 38. Bxd8 Nf5 39. Ra8 Kh7 40. Ba5 Nd4
41. Re1 e5 42. f4 exf4 43. Re4 Rc1+ 44. Kh2 Nb3 45. Bb6 Nd2 46. Rxf4 Rc6 47. Be3 Nb3 48. Rh4 Re6 49. Bg1 Nd2 50. Rf4 Ne4
51. Bb6 Nc3 52. Ba5 Ne2 53. Rf2 Nd4 54. Bc3 Nc6 55. Ra6 Kg6 56. Rc2 h5 57. Bxf6 gxf6 58. Rcxc6 Re2 59. Rxf6+ Kg5 60. Rg6+ Kf4
61. Rgf6+ Kg5 62. h4+ Kxh4 63. Ra5 Re3 64. Rf4#
1-0

[Event "Keep Right On Till The End of the Road"]
[Site "SchemingMind.com"]
[Date "2012.12.11"]
[Round "-"]
[White "Erik Johnson"]
[Black "ray winteringham"]
[Result "1-0"]
[WhiteCountry "USA"]
[BlackCountry "ENG"]
[WhiteElo "1691"]
[WhiteRD "71"]
[BlackElo "1506"]
[BlackRD "51"]
[GameID "322844"]

1. e4 e5 2. Nf3 Nc6 3. d4 exd4 4. Nxd4 Bc5 5. Nxc6 bxc6 6. Bd3 Bb7 7. Nc3 Ne7 8. Bg5 h6 9. Bh4 O-O 10. Qg4 Qc8
11. Bf6 Ng6 12. Bh4 d6 13. Qg3 Bb6 14. f4 Nxh4 15. Qxh4 d5 16. O-O-O Qd8 17. Qg4 d4 18. Ne2 c5 19. e5 Qd5 20. c4 Qxg2
21. Qxg2 Bxg2 22. Rhg1 Bb7 23. Rdf1 Rae8 24. Ng3 a5 25. Nf5 g6 26. Nxh6+ Kg7 27. Nf5+ Kh7 28. Nh4 Bc8 29. Nxg6 fxg6 30. Bxg6+ Kh8
31. Bxe8 Rxe8 32. h4 Bf5 33. Rg5 Rf8 34. Rfg1 c6 35. Rh5+ Bh7 36. Rg4 a4 37. b3 a3 38. Kd2 Ba5+ 39. Ke2 Rg8 40. Rxg8+ Kxg8
41. f5 d3+ 42. Kxd3 Bd8 43. Ke4 Kg7 44. Rxh7+ Kxh7 45. f6 Kg6 46. h5+ Kxh5 47. Kf5 Kh6 48. e6 Kh7 49. e7
1-0

[Event "Keep Right On Till The End of the Road"]
[Site "SchemingMind.com"]
[Date "2012.12.10"]
[Round "-"]
[White "Scooter"]
[Black "cnile"]
[Result "1-0"]
[WhiteCountry "USA"]
[BlackCountry "SCO"]
[WhiteElo "1775"]
[WhiteRD "47"]
[BlackElo "1491"]
[BlackRD "66"]
[GameID "322845"]

1. d4 Nf6 2. Nf3 c5 3. Bf4 e6 4. e3 d5 5. Bb5+ Bd7 6. Bxd7+ Nbxd7 7. c3 Nh5 8. Bg5 f6 9. Bh4 g5 10. Nxg5 fxg5
11. Qxh5+ Ke7 12. Bxg5+ Kd6 13. Bxd8 Rxd8 14. Nd2
1-0

[Event "Keep Right On Till The End of the Road"]
[Site "SchemingMind.com"]
[Date "2012.12.10"]
[Round "-"]
[White "ray winteringham"]
[Black "Erik Johnson"]
[Result "1-0"]
[WhiteCountry "ENG"]
[BlackCountry "USA"]
[WhiteElo "1506"]
[WhiteRD "51"]
[BlackElo "1691"]
[BlackRD "71"]
[GameID "322849"]

1. e4 d5 2. exd5 Qxd5 3. Nc3 Qa5 4. d3 c6 5. Bd2 Qd8 6. Be2 Nf6 7. Nf3 Bf5 8. O-O e6 9. b3 Ba3 10. Rb1 Nbd7
11. b4 a5 12. bxa5 Qxa5 13. Ne4 Qc7 14. Nxf6+ Nxf6 15. Nd4 Bg6 16. c4 e5 17. Nf3 O-O 18. Rb3 Bc5 19. Nh4 Rxa2 20. Be3 Bd4
21. Bf3 c5 22. Rxb7 Qa5 23. Rb1 Qa3 24. Nxg6 hxg6 25. Rb3 Qa6 26. Bxd4 exd4 27. Qe1 Re8 28. Qb1 g5 29. Rb6 Qa4 30. Bc6 Qa3
31. Bxe8 Nxe8 32. Qb3 Qa7 33. Rb1 Nf6 34. h3 Ra3 35. Qd1 Ra6 36. Rb7
1-0

[Event "Keep Right On Till The End of the Road"]
[Site "SchemingMind.com"]
[Date "2012.12.10"]
[Round "-"]
[White "cnile"]
[Black "Scooter"]
[Result "0-1"]
[WhiteCountry "SCO"]
[BlackCountry "USA"]
[WhiteElo "1491"]
[WhiteRD "66"]
[BlackElo "1775"]
[BlackRD "47"]
[GameID "322850"]

1. e4 c6 2. c4 d5 3. cxd5 cxd5 4. exd5 Qxd5 5. Nc3 Qd8 6. Be2 Nf6 7. d4 a6 8. Nf3 Nc6 9. O-O Bg4 10. Be3 e6
11. Ne5 Bxe2 12. Qxe2 Nxe5 13. Rfd1 Ned7 14. Rac1 Be7 15. Qf3 O-O 16. h3 Rc8 17. Qxb7 Qb6 18. Qxc8 Rxc8 19. d5 Bc5 20. Bxc5 Nxc5
21. d6 Nfd7
0-1

[Event "Keep Right On Till The End of the Road"]
[Site "SchemingMind.com"]
[Date "2012.12.29"]
[Round "-"]
[White "smothered mate"]
[Black "XMJA83"]
[Result "1-0"]
[WhiteCountry "POL"]
[BlackCountry "ECU"]
[WhiteElo "1984"]
[WhiteRD "58"]
[BlackElo "1750"]
[BlackRD "119"]
[GameID "323786"]

1. e4 e5 2. Nf3 Nc6 3. d4 exd4 4. Nxd4 Bc5 5. Be3 Qf6 6. c3 Nge7 7. Bc4 Ne5 8. Be2 Qg6 9. O-O O-O 10. Nd2 d6
11. f3 d5 12. Kh1 dxe4 13. Nxe4 Nd5 14. Qd2 Nxe3 15. Qxe3 Bb6 16. a4 a5 17. Ng3 Re8 18. f4 Qh6 19. Qe4 Qg6 20. fxe5
1-0